[Event "TCh-RUS Premier 2023"]
[Site "Sochi RUS"]
[Date "2023.05.08"]
[Round "7.3"]
[Board "4"]
[White "Pershin, Denis"]
[Black "Tsaruk, Maksim"]
[Result "0-1"]
[WhiteTitle "IM"]
[BlackTitle "FM"]
[WhiteElo "2366"]
[BlackElo "2371"]
[WhiteTeam "SShOR po shakhmatam i shashkam (Sankt-Peterbu"]
[BlackTeam "Belarus (Respublika Belarus)"]
[WhiteFideId "24165506"]
[BlackFideId "13511173"]
[EventDate "2023.05.01"]
[EventType "team"]

1. d4 f5 2. c4 Nf6 3. Nc3 e6 4. g3 Bb4 5. Bd2 O-O 6. Bg2 d6 7. a3 Bxc3 8. Bxc3
Nc6 9. Nf3 Ne4 10. Qc2 Qf6 11. O-O e5 12. dxe5 dxe5 13. Nxe5 Nxe5 14. Bxe4 fxe4
15. Qxe4 Re8 16. f4 Qc6 17. Qxc6 Nxc6 18. Kf2 Bg4 19. Rfe1 Re4 20. b3 Rae8 21.
e3 a5 22. Rac1 h5 23. Bd2 Rd8 24. Rc2 Rd3 25. Rb2 a4 26. bxa4 Rxc4 27. Bb4 b6
28. Ra1 Kh7 29. Raa2 Re4 30. Rc2 Nxb4 31. axb4 Rxb4 32. Rxc7 Rb1 33. Rac2 Rh1
34. Kg2 Rdd1 35. e4 Rdf1 0-1

[Event "TCh-RUS Premier 2023"]
[Site "Sochi RUS"]
[Date "2023.05.08"]
[Round "7.3"]
[Board "5"]
[White "Stribuk, Artiom"]
[Black "Saveliev, Alexei"]
[Result "1-0"]
[WhiteTitle "FM"]
[BlackTitle "IM"]
[WhiteElo "2376"]
[BlackElo "2385"]
[WhiteTeam "Belarus (Respublika Belarus)"]
[BlackTeam "SShOR po shakhmatam i shashkam (Sankt-Peterbu"]
[WhiteFideId "13515659"]
[BlackFideId "24128546"]
[EventDate "2023.05.01"]
[EventType "team"]

1. d4 Nf6 2. c4 e6 3. Nc3 Bb4 4. Qc2 c5 5. dxc5 Bxc5 6. Nf3 Nc6 7. Bg5 h6 8. Bh4
b6 9. e3 Bb7 10. Be2 O-O 11. O-O Be7 12. Rfd1 Rc8 13. Nb5 d5 14. Qa4 Ne4 15.
cxd5 exd5 16. Bxe7 Qxe7 17. Nxa7 Nxa7 18. Qxa7 Rc2 19. Nd4 Rxb2 20. Rab1 Rxb1
21. Rxb1 Re8 22. Qxb6 Bc8 23. a4 h5 24. Qb4 Qg5 25. Nf3 Qg6 26. Rc1 Bh3 27. Bf1
Bg4 28. Ne5 Qf5 29. Nxg4 hxg4 30. Qb2 Kh7 31. Bd3 Re6 32. a5 Rh6 33. a6 Qh5 34.
Qb8 g3 35. Qxg3 Rxa6 36. Qf3 Qh4 37. Bxa6 1-0

[Event "TCh-RUS Premier 2023"]
[Site "Sochi RUS"]
[Date "2023.05.08"]
[Round "7.3"]
[Board "6"]
[White "Shchukin, Maksim"]
[Black "Siniauski, Artsiom"]
[Result "1-0"]
[WhiteTitle "FM"]
[BlackTitle "FM"]
[WhiteElo "2371"]
[BlackElo "2247"]
[WhiteTeam "SShOR po shakhmatam i shashkam (Sankt-Peterbu"]
[BlackTeam "Belarus (Respublika Belarus)"]
[WhiteFideId "34126624"]
[BlackFideId "13512269"]
[EventDate "2023.05.01"]
[EventType "team"]

1. Nf3 Nf6 2. c4 b6 3. g3 Bb7 4. Bg2 c5 5. O-O g6 6. Nc3 Bg7 7. d4 cxd4 8. Qxd4
Nc6 9. Qd3 O-O 10. e4 Rc8 11. Bd2 Ng4 12. Qe2 a6 13. Rac1 d6 14. b3 Nge5 15. Be3
Nxf3+ 16. Qxf3 Ne5 17. Qe2 Nd7 18. Qd2 Nc5 19. Bd4 Bc6 20. Bxg7 Kxg7 21. Rfd1
Qd7 22. b4 Ne6 23. Nd5 Qb7 24. Qe3 Bxd5 25. cxd5 Rxc1 26. Rxc1 Nd8 27. Rc4 e5
28. Qc3 Qd7 29. Rc7 Qg4 30. Bf3 Qg5 31. h4 Qf6 32. Be2 h5 33. Qe3 b5 34. Qg5 Re8
35. Rd7 Qxg5 36. hxg5 h4 37. gxh4 Rh8 38. f3 Rg8 39. Kf2 Rh8 40. Kg3 Rg8 41.
Rxd6 1-0

[Event "TCh-RUS Premier 2023"]
[Site "Sochi RUS"]
[Date "2023.05.08"]
[Round "7.4"]
[Board "1"]
[White "Murzin, Volodar"]
[Black "Grischuk, Alexander"]
[Result "1/2-1/2"]
[WhiteTitle "GM"]
[BlackTitle "GM"]
[WhiteElo "2577"]
[BlackElo "2745"]
[WhiteTeam "Sbornaya Novosibirskoy oblasti (Novosibir"]
[BlackTeam "SK KPRF (Moskva)"]
[WhiteFideId "44155573"]
[BlackFideId "4126025"]
[EventDate "2023.05.01"]
[EventType "team"]

1. e4 e5 2. Nf3 Nc6 3. Bb5 Nf6 4. O-O Nxe4 5. Re1 Nd6 6. Nxe5 Be7 7. Bf1 Nxe5 8.
Rxe5 O-O 9. d4 Bf6 10. Re1 Re8 11. Bf4 Rxe1 12. Qxe1 Ne8 13. Qc3 d6 14. Nd2 c5
15. Be3 Nc7 16. Ne4 Nd5 17. Qb3 Nxe3 18. Nxf6+ Qxf6 19. Qxe3 Be6 1/2-1/2

[Event "TCh-RUS Premier 2023"]
[Site "Sochi RUS"]
[Date "2023.05.08"]
[Round "7.4"]
[Board "2"]
[White "Dubov, Daniil"]
[Black "Kobalia, Mikhail"]
[Result "1-0"]
[WhiteTitle "GM"]
[BlackTitle "GM"]
[WhiteElo "2708"]
[BlackElo "2584"]
[WhiteTeam "SK KPRF (Moskva)"]
[BlackTeam "Sbornaya Novosibirskoy oblasti (Novosibir"]
[WhiteFideId "24126055"]
[BlackFideId "4119150"]
[EventDate "2023.05.01"]
[EventType "team"]

1. e4 e5 2. Nf3 Nc6 3. Bb5 a6 4. Ba4 Nf6 5. O-O Be7 6. d3 b5 7. Bb3 d6 8. c3 O-O
9. h3 h6 10. a4 Bd7 11. Re1 Na5 12. Bc2 c5 13. Be3 Qc7 14. Nbd2 Rfc8 15. Nf1 b4
16. Bd2 Be6 17. Ne3 bxc3 18. Bxc3 Rab8 19. Nd2 Bd8 20. Ndc4 Nc6 21. a5 Qe7 22.
Bb3 Nd4 23. Ba2 Qf8 24. Nd2 Ne8 25. Nd5 Bg5 26. Nc4 Bxd5 27. exd5 Bd8 28. Ne3 g6
29. Bc4 Nb5 30. Bd2 Bg5 31. b4 cxb4 32. Bxb4 Nf6 33. Nc2 Nd7 34. Rb1 Qd8 35. Qe2
Bf6 36. Bd2 Nc5 37. Bxb5 Rxb5 38. Rxb5 axb5 39. Rb1 Na6 40. Qd1 Bg5 41. Rxb5 Nc7
42. Rb7 Bxd2 43. Qxd2 Nxd5 44. a6 Ra8 45. Ne3 Nf4 46. a7 Kg7 47. Qa2 d5 48. Qb2
Qd6 49. Rxf7+ Kxf7 50. Qb7+ Ke6 1-0

[Event "TCh-RUS Premier 2023"]
[Site "Sochi RUS"]
[Date "2023.05.08"]
[Round "7.4"]
[Board "3"]
[White "Bocharov, Dmitry"]
[Black "Malakhov, Vladimir"]
[Result "1/2-1/2"]
[WhiteTitle "GM"]
[BlackTitle "GM"]
[WhiteElo "2516"]
[BlackElo "2650"]
[WhiteTeam "Sbornaya Novosibirskoy oblasti (Novosibir"]
[BlackTeam "SK KPRF (Moskva)"]
[WhiteFideId "4138716"]
[BlackFideId "4120787"]
[EventDate "2023.05.01"]
[EventType "team"]

1. d4 d5 2. c4 e6 3. Nf3 Nf6 4. g3 Be7 5. Bg2 O-O 6. Nc3 c6 7. O-O b6 8. Nd2 Ba6
9. b3 b5 10. c5 b4 11. Na4 Nbd7 12. Bb2 Bb5 13. a3 a5 14. Re1 Qc7 15. e4 Nxe4
16. Nxe4 dxe4 17. Bxe4 Bxa4 18. bxa4 bxa3 19. Rxa3 Nf6 20. Bf3 Rfd8 21. Qc2 Nd5
22. Rb3 Nb4 23. Qc4 Bf6 24. Bc3 Nd5 25. Bxd5 Rxd5 26. Re4 h5 27. Rb6 Qd7 28. h4
Bd8 29. Rb1 Bf6 30. Rb6 g6 31. Qb3 Qc8 32. Rb7 Rd7 33. Rxd7 Qxd7 34. Re1 Bxd4
35. Bxd4 Qxd4 36. Qb7 Rd8 37. Qxc6 Rd5 38. Qa8+ Kg7 39. Qxa5 Rxc5 40. Qb6 g5 41.
hxg5 h4 42. Qb3 Rxg5 43. Qe3 Qd5 44. Qc3+ e5 45. Qe3 f6 46. Qe4 Qxe4 47. Rxe4
hxg3 48. f3 Kf7 49. Kg2 Ke6 50. Rg4 Rxg4 1/2-1/2

[Event "TCh-RUS Premier 2023"]
[Site "Sochi RUS"]
[Date "2023.05.08"]
[Round "7.4"]
[Board "4"]
[White "Potkin, Vladimir"]
[Black "Kezin, Roman"]
[Result "1-0"]
[WhiteTitle "GM"]
[BlackTitle "IM"]
[WhiteElo "2574"]
[BlackElo "2514"]
[WhiteTeam "SK KPRF (Moskva)"]
[BlackTeam "Sbornaya Novosibirskoy oblasti (Novosibir"]
[WhiteFideId "4131061"]
[BlackFideId "24124621"]
[EventDate "2023.05.01"]
[EventType "team"]

1. e4 c5 2. Nf3 e6 3. d4 cxd4 4. Nxd4 Nc6 5. Nc3 Qc7 6. Be3 a6 7. Bd3 Nf6 8. Qe2
Bd6 9. O-O-O Be5 10. Nxc6 bxc6 11. Na4 Rb8 12. g3 Rb4 13. f4 Rxa4 14. fxe5 Qxe5
15. a3 d5 16. Bf4 Qh5 17. g4 Qxg4 18. Qe3 Qh5 19. Bd6 Nxe4 20. Bb4 a5 21. b3
axb4 22. bxa4 Nc3 23. Rdg1 bxa3 24. Rxg7 d4 25. Qf4 e5 26. Qf6 Nd5 27. Qxc6+ Bd7
28. Qd6 Qf3 29. Rhg1 Qe3+ 30. Kb1 Ne7 31. Qb8+ Bc8 32. Bb5+ Kf8 33. Qd6 a2+ 34.
Kxa2 1-0

[Event "TCh-RUS Premier 2023"]
[Site "Sochi RUS"]
[Date "2023.05.08"]
[Round "7.4"]
[Board "5"]
[White "Khubukshanov, Erdem"]
[Black "Alekseev, Evgeny"]
[Result "1/2-1/2"]
[WhiteTitle "IM"]
[BlackTitle "GM"]
[WhiteElo "2388"]
[BlackElo "2564"]
[WhiteTeam "Sbornaya Novosibirskoy oblasti (Novosibir"]
[BlackTeam "SK KPRF (Moskva)"]
[WhiteFideId "54114527"]
[BlackFideId "4138147"]
[EventDate "2023.05.01"]
[EventType "team"]

1. e4 e5 2. Nf3 Nc6 3. Bc4 Bc5 4. O-O Nf6 5. d3 d6 6. c3 h6 7. Re1 O-O 8. h3 Bb6
9. Nbd2 a5 10. Nf1 Be6 11. Bb5 Ne7 12. d4 c6 13. Bd3 Ng6 14. Ng3 Nh7 15. Be3 Ng5
16. Bc2 Bc7 17. a4 Re8 18. Nf5 Nh7 19. Nh2 d5 20. dxe5 Bxf5 21. exf5 Nxe5 22. b3
Nf6 23. Nf1 Qd6 24. Qd4 Ned7 25. Rad1 Bb6 26. Qf4 Qxf4 27. Bxf4 1/2-1/2

[Event "TCh-RUS Premier 2023"]
[Site "Sochi RUS"]
[Date "2023.05.08"]
[Round "7.4"]
[Board "6"]
[White "Afanasiev, Nikita"]
[Black "Obgolts, Erik"]
[Result "1-0"]
[WhiteTitle "GM"]
[BlackTitle "FM"]
[WhiteElo "2530"]
[BlackElo "2455"]
[WhiteTeam "SK KPRF (Moskva)"]
[BlackTeam "Sbornaya Novosibirskoy oblasti (Novosibir"]
[WhiteFideId "24183555"]
[BlackFideId "24199044"]
[EventDate "2023.05.01"]
[EventType "team"]

1. d4 Nf6 2. Nf3 g6 3. g3 Bg7 4. Bg2 O-O 5. O-O d6 6. b3 e5 7. dxe5 dxe5 8. Ba3
e4 9. Bxf8 Qxf8 10. Nd4 e3 11. c3 Ng4 12. f3 Nf2 13. Qc1 Nh3+ 14. Bxh3 Bxh3 15.
Rd1 Bh6 16. Na3 Nd7 17. Nc4 Re8 18. Qa3 c5 19. Nb5 a6 20. Nc7 Re7 21. Nd5 Re8
22. Qa5 Bg5 23. Qc7 Be6 24. Qd6 Be7 25. Nxe7+ Rxe7 26. Na5 b6 27. Nc6 Re8 28.
Qxf8+ Kxf8 29. Rd6 Rc8 30. Rad1 h5 31. R1d3 c4 32. Rxe3 cxb3 33. axb3 Bxb3 34.
Nb4 Nc5 35. Rxb6 a5 36. Rc6 Rxc6 37. Nxc6 a4 38. Re5 Nb7 39. Rb5 Nd6 40. Rb8+
Kg7 41. Nd4 1-0

[Event "TCh-RUS Premier 2023"]
[Site "Sochi RUS"]
[Date "2023.05.08"]
[Round "7.5"]
[Board "1"]
[White "Karjakin, Sergey"]
[Black "Najer, Evgeniy"]
[Result "1/2-1/2"]
[WhiteTitle "GM"]
[BlackTitle "GM"]
[WhiteElo "2747"]
[BlackElo "2655"]
[WhiteTeam "Moskovskaya oblast (Moskovskaya oblast)"]
[BlackTeam "Shakhmatnaya sbornaya Moskvy (Moskva)"]
[WhiteFideId "14109603"]
[BlackFideId "4118987"]
[EventDate "2023.05.01"]
[EventType "team"]

1. e4 c5 2. Nf3 d6 3. d4 cxd4 4. Nxd4 Nf6 5. Nc3 a6 6. Be2 e5 7. Nb3 Be7 8. Be3
Be6 9. O-O O-O 10. a4 Nc6 11. Bf3 Na5 12. Nxa5 Qxa5 13. Qd2 Rfc8 14. Rfd1 Kf8
15. h3 1/2-1/2

[Event "TCh-RUS Premier 2023"]
[Site "Sochi RUS"]
[Date "2023.05.08"]
[Round "7.5"]
[Board "2"]
[White "Inarkiev, Ernesto"]
[Black "Sjugirov, Sanan"]
[Result "1/2-1/2"]
[WhiteTitle "GM"]
[BlackTitle "GM"]
[WhiteElo "2661"]
[BlackElo "2712"]
[WhiteTeam "Shakhmatnaya sbornaya Moskvy (Moskva)"]
[BlackTeam "Moskovskaya oblast (Moskovskaya oblast)"]
[WhiteFideId "4162722"]
[BlackFideId "4189302"]
[EventDate "2023.05.01"]
[EventType "team"]

1. d4 Nf6 2. c4 e6 3. Nc3 Bb4 4. Qc2 O-O 5. a3 Bxc3+ 6. Qxc3 b6 7. Bg5 Bb7 8. f3
h6 9. Bh4 d5 10. e3 Nbd7 11. cxd5 Nxd5 12. Bxd8 Nxc3 13. Be7 Rfe8 14. Bh4 Nd5
15. Bf2 e5 16. e4 exd4 17. O-O-O Nf4 18. Bxd4 Rad8 19. Be3 Ne6 20. Nh3 Ne5 21.
Bb5 Bc6 22. Bxc6 Nxc6 23. Nf4 Ncd4 24. Nxe6 Nxe6 25. Kc2 f6 26. b4 Kf7 27. Kc3
Ke7 28. Kc4 c6 29. a4 h5 30. h4 Rh8 31. Kc3 Rxd1 32. Rxd1 Rd8 33. Rc1 Kd7 34.
Rg1 Re8 35. g4 hxg4 36. Rxg4 Ke7 37. Rg1 Rh8 38. Bf2 Rh5 39. Kd2 g5 40. hxg5
fxg5 41. Ke3 c5 42. bxc5 Nxc5 43. a5 bxa5 44. Ra1 a4 45. Ke2 Rh2 46. Ra3 Kd6 47.
Kf1 Rh7 48. Rc3 Ne6 49. Ra3 Nc5 50. Rc3 Ne6 51. Ra3 Nc5 1/2-1/2

[Event "TCh-RUS Premier 2023"]
[Site "Sochi RUS"]
[Date "2023.05.08"]
[Round "7.5"]
[Board "3"]
[White "Khismatullin, Denis"]
[Black "Riazantsev, Alexander"]
[Result "1/2-1/2"]
[WhiteTitle "GM"]
[BlackTitle "GM"]
[WhiteElo "2594"]
[BlackElo "2626"]
[WhiteTeam "Moskovskaya oblast (Moskovskaya oblast)"]
[BlackTeam "Shakhmatnaya sbornaya Moskvy (Moskva)"]
[WhiteFideId "4142578"]
[BlackFideId "4125029"]
[EventDate "2023.05.01"]
[EventType "team"]

1. d4 Nf6 2. c4 e6 3. Nf3 d5 4. Nc3 Be7 5. Bf4 O-O 6. e3 Nbd7 7. Be2 dxc4 8. O-O
a6 9. a4 c5 10. d5 exd5 11. Nxd5 Nxd5 12. Qxd5 Nf6 13. Qxd8 Rxd8 14. Bc7 Re8 15.
Bxc4 Be6 16. Bxe6 fxe6 17. a5 Rac8 18. Be5 Red8 19. Rfc1 Ne4 20. Ra4 Nd2 21.
Nxd2 Rxd2 22. Rg4 g6 23. Bc3 Rd5 24. Kf1 Kf7 25. Ke2 c4 26. Rf4+ Rf5 27. Rd4 Rd5
28. Ra1 Bf6 29. Rf4 Rf5 30. Ra4 Rxf4 31. exf4 Be7 32. Ke3 h5 33. g3 Bc5+ 34. Bd4
Be7 35. h3 Rc7 36. Ke4 Rc6 37. g4 Rc8 38. Be5 Rc5 39. Bd4 Rb5 40. Bc3 hxg4 41.
hxg4 Rc5 42. Kd4 Rd5+ 43. Kxc4 Bc5 44. Ra1 Bxf2 45. Rh1 Rd7 46. Rh7+ Ke8 47.
Rh8+ Kf7 48. g5 Be3 49. Rh3 Bf2 50. Rh7+ Ke8 51. Rh2 Bg1 52. Rh1 Bf2 53. Be5 Kf7
54. Rh3 Bg1 55. Rf3 Ba7 56. Rh3 Bf2 57. b3 Bg1 58. Rh7+ Ke8 59. Rh8+ Kf7 60. Rc8
Be3 61. Kc3 Bd2+ 62. Kc2 Bxa5 63. Rh8 1/2-1/2

[Event "TCh-RUS Premier 2023"]
[Site "Sochi RUS"]
[Date "2023.05.08"]
[Round "7.5"]
[Board "4"]
[White "Grachev, Boris"]
[Black "Goryachkina, Aleksandra"]
[Result "1/2-1/2"]
[WhiteTitle "GM"]
[BlackTitle "GM"]
[WhiteElo "2595"]
[BlackElo "2565"]
[WhiteTeam "Shakhmatnaya sbornaya Moskvy (Moskva)"]
[BlackTeam "Moskovskaya oblast (Moskovskaya oblast)"]
[WhiteFideId "4129199"]
[BlackFideId "4147103"]
[EventDate "2023.05.01"]
[EventType "team"]

1. d4 d5 2. c4 c6 3. Nf3 Nf6 4. e3 Bf5 5. Nc3 e6 6. Nh4 Bg6 7. Nxg6 hxg6 8. Bd2
Nbd7 9. Qc2 Be7 10. O-O-O Qc7 11. h4 Ng4 12. Be1 Rxh4 13. Rxh4 Bxh4 14. cxd5
cxd5 15. Kb1 f5 16. Rc1 Rc8 17. Bd3 a6 18. f3 Bxe1 19. Rxe1 Ngf6 20. e4 Kf7 21.
e5 Ng8 22. g4 Ne7 23. gxf5 gxf5 24. Qh2 Qb6 25. Qh5+ Kg8 26. Ne2 Qb4 27. Rh1 Nb6
28. Qh7+ Kf7 29. Qh5+ Kg8 30. Qh7+ Kf7 31. Qh5+ 1/2-1/2

[Event "TCh-RUS Premier 2023"]
[Site "Sochi RUS"]
[Date "2023.05.08"]
[Round "7.5"]
[Board "5"]
[White "Savchenko, Boris"]
[Black "Popov, Ivan RUS"]
[Result "1/2-1/2"]
[WhiteTitle "GM"]
[BlackTitle "GM"]
[WhiteElo "2540"]
[BlackElo "2627"]
[WhiteTeam "Moskovskaya oblast (Moskovskaya oblast)"]
[BlackTeam "Shakhmatnaya sbornaya Moskvy (Moskva)"]
[WhiteFideId "4147332"]
[BlackFideId "4170350"]
[EventDate "2023.05.01"]
[EventType "team"]

1. e4 c5 2. Nf3 e6 3. d4 cxd4 4. Nxd4 Nf6 5. Nc3 Nc6 6. Ndb5 Bb4 7. a3 Bxc3+ 8.
Nxc3 d5 9. exd5 exd5 10. Bd3 O-O 11. O-O Bg4 12. f3 Bh5 13. Bg5 Qb6+ 14. Rf2 Ne4
15. Nxe4 dxe4 16. Bxe4 Qxb2 17. Rb1 Qxa3 18. Rxb7 Qa6 19. Rb3 Bg6 20. Bd5 h6 21.
Bf4 Rad8 22. Rd2 Kh8 23. g4 Rd7 24. c4 Ne7 25. Kg2 Rfd8 26. Kg3 f6 27. Bb7 Qa4
28. Rb1 Qxd1 29. Rbxd1 Be8 30. Rxd7 Rxd7 31. Rb1 g5 32. Bb8 Kg7 33. c5 Rd8 34.
Bxa7 Bc6 35. Rb6 Rd7 36. Bxc6 Nxc6 37. Rxc6 Rxa7 38. h4 Kf7 39. h5 Ra2 40. Rc7+
Kg8 41. Rc8+ Kf7 42. c6 Rc2 43. c7 Kg7 1/2-1/2

[Event "TCh-RUS Premier 2023"]
[Site "Sochi RUS"]
[Date "2023.05.08"]
[Round "7.5"]
[Board "6"]
[White "Ponkratov, Pavel"]
[Black "Smirnov, Pavel"]
[Result "1-0"]
[WhiteTitle "GM"]
[BlackTitle "GM"]
[WhiteElo "2580"]
[BlackElo "2545"]
[WhiteTeam "Shakhmatnaya sbornaya Moskvy (Moskva)"]
[BlackTeam "Moskovskaya oblast (Moskovskaya oblast)"]
[WhiteFideId "4157800"]
[BlackFideId "4123425"]
[EventDate "2023.05.01"]
[EventType "team"]

1. Nf3 Nf6 2. g3 d5 3. Bg2 e6 4. O-O Be7 5. d4 O-O 6. c4 dxc4 7. Qc2 a6 8. a4
Bd7 9. Qxc4 Bc6 10. Nbd2 a5 11. Re1 Na6 12. e4 Nd7 13. b3 Nb4 14. Bb2 b6 15. Qc3
Bb7 16. Nc4 Nf6 17. Nfe5 c5 18. dxc5 bxc5 19. g4 Nc6 20. Nxc6 Bxc6 21. g5 Ne8
22. Rad1 Qc7 23. Ne5 Rb8 24. h4 Rb4 25. Re3 c4 26. Ba1 Bc5 27. Re2 Bb7 28. bxc4
Rxa4 29. Nd7 Ba6 30. Nxf8 Kxf8 31. Red2 Bxc4 32. Rd8 Ke7 33. Qe5 Nd6 34. Qf6+
gxf6 35. Bxf6# 1-0

[Event "TCh-RUS Premier 2023"]
[Site "Sochi RUS"]
[Date "2023.05.09"]
[Round "8.1"]
[Board "1"]
[White "Artemiev, Vladislav"]
[Black "Najer, Evgeniy"]
[Result "1-0"]
[WhiteTitle "GM"]
[BlackTitle "GM"]
[WhiteElo "2701"]
[BlackElo "2655"]
[WhiteTeam "Ladya (Respublika Tatarstan)"]
[BlackTeam "Shakhmatnaya sbornaya Moskvy (Moskva)"]
[WhiteFideId "24101605"]
[BlackFideId "4118987"]
[EventDate "2023.05.01"]
[EventType "team"]

1. Nf3 d5 2. g3 c5 3. Bg2 Nf6 4. O-O e6 5. c4 d4 6. e3 Nc6 7. exd4 cxd4 8. d3 h6
9. Na3 Bxa3 10. bxa3 O-O 11. Re1 Re8 12. Bf4 Ng4 13. Ne5 Ngxe5 14. Bxe5 Nxe5 15.
Rxe5 Qc7 16. Qh5 Bd7 17. Rae1 Bc6 18. f4 Bxg2 19. Kxg2 Qd6 20. Qf3 Qxa3 21. R1e2
a6 22. f5 Rad8 23. f6 b5 24. c5 Qc1 25. Re1 Qd2+ 26. R1e2 Qc1 27. fxg7 Kxg7 28.
Rf2 Rd7 29. Rf1 Qd2+ 30. Rf2 Qc1 31. Qe2 Rc8 32. Rf1 Qa3 33. Qg4+ Kh7 34. Qe4+
Kg7 35. Qg4+ Kh7 36. c6 Rdc7 37. Rf6 Qxa2+ 38. Kh3 Qd2 39. Rh5 Rh8 40. Qe4+ Kg8
41. Qxd4 Qd1 42. Rh4 1-0

[Event "TCh-RUS Premier 2023"]
[Site "Sochi RUS"]
[Date "2023.05.09"]
[Round "8.1"]
[Board "2"]
[White "Riazantsev, Alexander"]
[Black "Timofeev, Artyom"]
[Result "1/2-1/2"]
[WhiteTitle "GM"]
[BlackTitle "GM"]
[WhiteElo "2626"]
[BlackElo "2567"]
[WhiteTeam "Shakhmatnaya sbornaya Moskvy (Moskva)"]
[BlackTeam "Ladya (Respublika Tatarstan)"]
[WhiteFideId "4125029"]
[BlackFideId "4140419"]
[EventDate "2023.05.01"]
[EventType "team"]

1. d4 Nf6 2. c4 g6 3. Nc3 d5 4. cxd5 Nxd5 5. e4 Nxc3 6. bxc3 Bg7 7. Nf3 c5 8.
Bb5+ Nc6 9. O-O cxd4 10. cxd4 O-O 11. Be3 Bg4 12. Bxc6 bxc6 13. Rc1 Qa5 14. Qd2
Qxd2 15. Nxd2 Rfd8 16. Nb3 a5 17. Rxc6 a4 18. Nc5 Bxd4 19. Bxd4 Rxd4 20. f3 Be6
21. Nxe6 fxe6 22. Rxe6 Kf7 23. Rc6 Rd2 24. Rf2 Rd1+ 25. Rf1 Rd2 26. Rf2 Rd1+ 27.
Rf1 1/2-1/2

[Event "TCh-RUS Premier 2023"]
[Site "Sochi RUS"]
[Date "2023.05.09"]
[Round "8.1"]
[Board "3"]
[White "Tsydypov, Zhamsaran"]
[Black "Grachev, Boris"]
[Result "1-0"]
[WhiteTitle "GM"]
[BlackTitle "GM"]
[WhiteElo "2538"]
[BlackElo "2595"]
[WhiteTeam "Ladya (Respublika Tatarstan)"]
[BlackTeam "Shakhmatnaya sbornaya Moskvy (Moskva)"]
[WhiteFideId "4108566"]
[BlackFideId "4129199"]
[EventDate "2023.05.01"]
[EventType "team"]

1. e4 c5 2. Nc3 Nc6 3. Nf3 e6 4. Bb5 Nd4 5. Bd3 Nc6 6. Bb5 Nd4 7. O-O a6 8. Bd3
Nc6 9. Re1 g5 10. Kh1 Bg7 11. Bf1 h6 12. d3 Nge7 13. Ne2 g4 14. Nd2 h5 15. Nc4
d5 16. exd5 exd5 17. Ne3 Be6 18. Nf4 Qd6 19. g3 O-O-O 20. c3 h4 21. Nxg4 hxg3
22. fxg3 Nf5 23. Qf3 Ne5 24. Nxe5 Bxe5 25. Kg1 Rdg8 26. Bg2 Rxh2 27. Kxh2 Rxg3
28. Qf2 Rg4 29. Rxe5 Qxe5 30. Bd2 d4 31. Rf1 Qh8+ 32. Bh3 Rh4 33. Rg1 Qe5 34.
Rg8+ Kd7 35. Kg1 dxc3 36. bxc3 Rxh3 37. Nxh3 Ne7 38. Rg5 Bf5 39. Nf4 Qd6 40. Qf3
Kc8 41. Nd5 1-0

[Event "TCh-RUS Premier 2023"]
[Site "Sochi RUS"]
[Date "2023.05.09"]
[Round "8.1"]
[Board "4"]
[White "Ponkratov, Pavel"]
[Black "Drygalov, Andrey"]
[Result "1-0"]
[WhiteTitle "GM"]
[BlackTitle "GM"]
[WhiteElo "2580"]
[BlackElo "2484"]
[WhiteTeam "Shakhmatnaya sbornaya Moskvy (Moskva)"]
[BlackTeam "Ladya (Respublika Tatarstan)"]
[WhiteFideId "4157800"]
[BlackFideId "24171735"]
[EventDate "2023.05.01"]
[EventType "team"]

1. Nf3 Nf6 2. c4 e6 3. g3 d5 4. Bg2 Be7 5. O-O O-O 6. d4 c6 7. Nc3 b6 8. b3 Nbd7
9. Qd3 Ba6 10. e4 Rc8 11. e5 Ne8 12. Rd1 Nc7 13. a4 Bb7 14. h4 h6 15. Qe2 Re8
16. Bf4 Nf8 17. a5 Bb4 18. Qb2 Ra8 19. Be3 Na6 20. Ne2 Ng6 21. Qc1 Bf8 22. h5
Ne7 23. g4 c5 24. Ng3 cxd4 25. Nxd4 Qb8 26. Nb5 Nc6 27. Nd6 Bxd6 28. exd6 Nxa5
29. Bxh6 gxh6 30. Qxh6 Nxb3 31. Rd3 dxc4 32. Ne4 Bxe4 33. Bxe4 f5 34. gxf5 1-0

[Event "TCh-RUS Premier 2023"]
[Site "Sochi RUS"]
[Date "2023.05.09"]
[Round "8.1"]
[Board "5"]
[White "Samusenko, Maksim"]
[Black "Demidov, Mikhail"]
[Result "0-1"]
[WhiteTitle "IM"]
[BlackTitle "GM"]
[WhiteElo "2464"]
[BlackElo "2583"]
[WhiteTeam "Ladya (Respublika Tatarstan)"]
[BlackTeam "Shakhmatnaya sbornaya Moskvy (Moskva)"]
[WhiteFideId "4112253"]
[BlackFideId "4197143"]
[EventDate "2023.05.01"]
[EventType "team"]

1. e4 c6 2. Nc3 d5 3. Nf3 Bg4 4. h3 Bxf3 5. Qxf3 e6 6. Be2 Nf6 7. O-O d4 8. Nb1
h5 9. d3 Nfd7 10. c3 c5 11. cxd4 Nc6 12. Bd1 Nxd4 13. Qe3 g6 14. Nc3 Bg7 15. Rb1
O-O 16. Bd2 Rc8 17. Kh1 Nb6 18. f4 c4 19. Be1 Qd7 20. a4 cxd3 21. Qxd3 Qc6 22.
Rf2 Rfd8 23. Qg3 Nc4 24. Be2 a6 25. Bxc4 Qxc4 26. Rd1 Kh7 27. Rfd2 e5 28. f5
gxf5 29. Bf2 Qe6 30. exf5 Qxf5 31. Bxd4 Rxd4 32. Rxd4 exd4 33. Ne2 Qe4 34. Ng1
Qg6 35. Qf3 Rc2 36. Qxb7 Be5 37. Rf1 Kg7 38. Qd5 f6 39. Qb7+ Kh6 40. Qa8 Kg7 41.
Qb7+ Kh8 42. Qa8+ Qg8 43. Qf3 Qg3 44. Qxg3 Bxg3 45. Rd1 Rxb2 46. Nf3 d3 47. Kg1
Kh7 48. Kf1 Rf2+ 49. Kg1 Ra2 50. Kf1 Ra3 51. Ne1 d2 52. Nc2 Rxa4 53. Rxd2 Rf4+
54. Kg1 a5 55. Nd4 Be1 56. Re2 Bb4 57. Ne6 Rc4 58. Ra2 Re4 59. Nc7 Bc5+ 60. Kf1
a4 61. Nd5 Kg6 62. Rc2 Bd6 63. Kf2 Rd4 64. Ne3 a3 65. Ke2 Rb4 66. Rc6 a2 67. Ra6
Rb2+ 68. Kd3 Rb3+ 0-1